[Event "Int. Stuttgarter Stadtmeisterschaft C"]
[Site "Ditzingen"]
[Date "2018.05.10"]
[Round "1.1"]
[White "Rappazzo, Johannes"]
[Black "Acar, Lukas"]
[Result "0-1"]
[WhiteElo "1494"]
[BlackElo "1079"]
[PlyCount "48"]
[EventDate "2018.??.??"]
[WhiteTeam "Chess4Kids"]
[BlackTeam "SF Birkenfeld"]

1. e4 c6 2. Nc3 d5 3. exd5 cxd5 4. d4 Nf6 5. Nf3 Bf5 6. Bf4 Nc6 7. Bb5 e6 8.
Ne5 Qb6 9. O-O Be7 10. Qe2 O-O 11. Na4 Nxd4 12. Nxb6 Nxe2+ 13. Bxe2 axb6 14. c4
Rfd8 15. a3 Rac8 16. b4 h6 17. Rfd1 d4 18. Nf3 d3 19. Bf1 Rxc4 20. Be2 Rd6 21.
Ne5 Rc3 22. Bd2 Rb3 23. Bf4 Nd7 24. Nc4 Rd4 0-1

[Event "Int. Stuttgarter Stadtmeisterschaft C"]
[Site "Ditzingen"]
[Date "2018.05.10"]
[Round "1.2"]
[White "Fischer, Uta"]
[Black "Izquierdo, Antonio"]
[Result "1/2-1/2"]
[WhiteElo "1074"]
[BlackElo "1486"]
[PlyCount "116"]
[EventDate "2018.??.??"]
[WhiteTeam "SC Aidlingen"]
[BlackTeam "TSF Ditzingen"]

1. e4 e5 2. Nf3 Nf6 3. Nc3 d5 4. exd5 Nxd5 5. Nxd5 Qxd5 6. Qe2 Bd6 7. Qb5+ c6
8. Qxd5 cxd5 9. Bb5+ Nc6 10. Bxc6+ bxc6 11. d3 Rb8 12. O-O O-O 13. h3 a5 14. b3
a4 15. Bd2 Ba6 16. Rfe1 f6 17. Rab1 c5 18. c4 Rb7 19. bxa4 Rfb8 20. Rxb7 Rxb7
21. cxd5 Bxd3 22. Bc3 Bc4 23. a3 Rb3 24. Rc1 Bxd5 25. Nd2 Rxa3 26. a5 e4 27.
Nb1 Rb3 28. Be1 f5 29. a6 Rb6 30. a7 Ra6 31. Nc3 Bc6 32. Rd1 Bc7 33. Nd5 Bxd5
34. Rxd5 Rxa7 35. Rxc5 Bd6 36. Rc2 Ra1 37. Kf1 Bb4 38. Re2 Kf7 39. f3 exf3 40.
gxf3 Kf6 41. Kf2 Bxe1+ 42. Rxe1 Rxe1 43. Kxe1 Kg5 44. Kf2 Kf4 45. h4 h6 46. Kg2
g5 47. hxg5 hxg5 48. Kf2 g4 49. fxg4 Kxg4 50. Kg2 f4 51. Kf2 f3 52. Kf1 Kf4 53.
Kf2 Ke4 54. Kf1 Ke3 55. Ke1 Kd3 56. Kf2 Ke4 57. Kf1 Ke3 58. Ke1 f2+ 1/2-1/2

[Event "Int. Stuttgarter Stadtmeisterschaft C"]
[Site "Ditzingen"]
[Date "2018.05.10"]
[Round "1.3"]
[White "Jünk, Stefan"]
[Black "Krämer, Heiko"]
[Result "1-0"]
[WhiteElo "1621"]
[BlackElo "1071"]
[PlyCount "79"]
[EventDate "2018.??.??"]
[WhiteTeam "SC Leinzell"]
[BlackTeam "SC Ostfildern"]

1. e4 e6 2. d4 d5 3. Nc3 Nf6 4. Bg5 Be7 5. Bxf6 Bxf6 6. e5 Be7 7. f4 c5 8. Nf3
Nc6 9. Be2 Qb6 10. Na4 Qb4+ 11. c3 Qa5 12. a3 cxd4 13. b4 Qc7 14. cxd4 a6 15.
Rc1 b5 16. Nc3 Bd7 17. O-O O-O 18. Qd3 f5 19. Rc2 Qb7 20. Rb1 Bd8 21. Na2 Bb6
22. Nc1 Rac8 23. Nb3 Ne7 24. Nc5 Bxc5 25. dxc5 Nc6 26. a4 bxa4 27. Qxa6 Qxa6
28. Bxa6 Rb8 29. b5 Na5 30. Nd4 Kf7 31. Ra2 Nc4 32. Rxa4 Nd2 33. Rb2 Ne4 34.
Rc2 Bc8 35. b6 Bxa6 36. Rxa6 Ra8 37. Rxa8 Rxa8 38. g3 Ke7 39. b7 Rb8 40. Nc6+
1-0

[Event "Int. Stuttgarter Stadtmeisterschaft C"]
[Site "Ditzingen"]
[Date "2018.05.10"]
[Round "1.4"]
[White "Bopp, Aaron"]
[Black "Weisensel, Wolfgang"]
[Result "0-1"]
[WhiteElo "1054"]
[BlackElo "1685"]
[PlyCount "88"]
[EventDate "2018.??.??"]
[WhiteTeam "Schach-Kids Bernhausen"]
[BlackTeam "Stuttgarter SF"]

1. e4 e6 2. Nf3 d5 3. Nc3 dxe4 4. Nxe4 Be7 5. d3 Nd7 6. Nfg5 Ngf6 7. Qf3 O-O 8.
Qh3 h6 9. Nxf6+ Nxf6 10. Ne4 Nxe4 11. dxe4 e5 12. Qg3 Bg5 13. Bf4 exf4 14. Qc3
c6 15. Rd1 Qc7 16. Bd3 Bf6 17. Qc4 Be6 18. Qb4 a5 19. Qd2 Rfd8 20. Qe2 Qe5 21.
O-O Rd7 22. b3 Rad8 23. Qf3 Qg5 24. Rfe1 Bg4 25. Qxg4 Qxg4 26. f3 Qg5 27. Kf2
b5 28. g3 Bd4+ 29. Kg2 Be3 30. h4 Qxg3+ 31. Kh1 Qxh4+ 32. Kg2 Qf2+ 33. Kh1
Qxf3+ 34. Kh2 Qh5+ 35. Kg2 f3+ 36. Kg3 Bg5 37. Rh1 Qg6 38. e5 Rxd3 39. cxd3
Rxd3 40. Rxd3 Qxd3 41. Re1 Qd5 42. Rf1 Qxe5+ 43. Kf2 Qe2+ 44. Kg1 Qg2# 0-1

[Event "Int. Stuttgarter Stadtmeisterschaft C"]
[Site "Ditzingen"]
[Date "2018.05.10"]
[Round "1.5"]
[White "Chugunov, Ivan"]
[Black "Eid, Sami"]
[Result "0-1"]
[WhiteElo "1431"]
[BlackElo "1034"]
[PlyCount "58"]
[EventDate "2018.??.??"]
[WhiteTeam "SC Ostfildern"]
[BlackTeam "SF Freiberg"]

1. e4 e5 2. Nf3 Nc6 3. Bc4 Bc5 4. d3 h6 5. Nc3 Nf6 6. Be3 Bb6 7. Qd2 d6 8. h3
Be6 9. Nd5 Bd4 10. c3 Bxe3 11. fxe3 Ne7 12. Nxf6+ gxf6 13. Bb3 Qd7 14. O-O Rg8
15. Kh1 c6 16. Nh4 Ng6 17. Nf5 d5 18. Qe2 O-O-O 19. Bc2 Kc7 20. Ng3 Nh4 21. Kh2
Rg6 22. Rf2 Rdg8 23. Qh5 Rxg3 24. Qxh4 Rxe3 25. Rxf6 Re2 26. Rc1 Rgxg2+ 27. Kh1
Rh2+ 28. Kg1 Bxh3 29. Rxc6+ bxc6 0-1

[Event "Int. Stuttgarter Stadtmeisterschaft C"]
[Site "Ditzingen"]
[Date "2018.05.10"]
[Round "1.6"]
[White "Ropertz, Benjamin"]
[Black "Dietrich, Malte"]
[Result "0-1"]
[WhiteElo "1027"]
[BlackElo "1419"]
[PlyCount "62"]
[EventDate "2018.??.??"]
[WhiteTeam "TSF Ditzingen"]
[BlackTeam "Rochade Metzingen"]

1. e4 e6 2. d4 d5 3. e5 c5 4. c3 Nc6 5. Nf3 Qb6 6. Na3 Bd7 7. b3 cxd4 8. cxd4
Bxa3 9. Bxa3 Qa5+ 10. Qd2 Qxa3 11. Bb5 Nge7 12. O-O O-O 13. Rab1 a6 14. Bd3 Ng6
15. Qg5 Qe7 16. Qh5 Be8 17. Ng5 h6 18. Nh3 Nxd4 19. f4 f5 20. exf6 Rxf6 21.
Rbe1 Nxf4 22. Qd1 Nxh3+ 23. gxh3 Rxf1+ 24. Rxf1 Qg5+ 25. Kh1 Bh5 26. Qe1 Re8
27. Qb4 Bf3+ 28. Rxf3 Nxf3 29. Qc5 Qe5 30. Qc2 Qe1+ 31. Kg2 Nh4# 0-1

[Event "Int. Stuttgarter Stadtmeisterschaft C"]
[Site "Ditzingen"]
[Date "2018.05.10"]
[Round "1.7"]
[White "Arvai, Marton"]
[Black "Motzer, Eric"]
[Result "1-0"]
[WhiteElo "1418"]
[BlackElo "1026"]
[PlyCount "49"]
[EventDate "2018.??.??"]
[WhiteTeam "TSV Münchingen"]
[BlackTeam "SF Nabern"]

1. e4 e5 2. Nf3 Nc6 3. d4 exd4 4. Nxd4 Nxd4 5. Qxd4 d6 6. Nc3 Bd7 7. Bc4 Qf6 8.
Qd5 c6 9. Qa5 b6 10. Qh5 h6 11. O-O Ne7 12. Re1 Qg6 13. Qf3 Be6 14. Bd3 Qg4 15.
Re3 Qxf3 16. Rxf3 d5 17. exd5 Nxd5 18. Nxd5 Bxd5 19. Re3+ Be7 20. Be4 Bxe4 21.
Rxe4 Kd7 22. Bf4 Rhe8 23. Rd1+ Kc8 24. Bd6 Rd8 25. Rxe7 1-0

[Event "Int. Stuttgarter Stadtmeisterschaft C"]
[Site "Ditzingen"]
[Date "2018.05.10"]
[Round "1.8"]
[White "Wippermann, Tim"]
[Black "Stegmiller, Dennis"]
[Result "0-1"]
[WhiteElo "1018"]
[BlackElo "1502"]
[PlyCount "58"]
[EventDate "2018.??.??"]
[WhiteTeam "SF Freiberg"]
[BlackTeam "TSF Ditzingen"]

1. e4 e5 2. Nf3 Nc6 3. Nc3 Nf6 4. Bc4 Nxe4 5. Nxe4 d5 6. Bb5 dxe4 7. Nxe5 Qf6
8. Nxc6 bxc6 9. Bc4 Qg6 10. h3 Qxg2 11. Rf1 Qxh3 12. d3 Bg4 13. Qd2 Qf3 14. c3
Bd6 15. Qc2 Bh3 16. Rg1 Bg2 17. Be3 Bh2 18. Rxg2 Qxg2 19. O-O-O O-O 20. dxe4
Rfd8 21. Bd4 c5 22. Bxc5 Rxd1+ 23. Qxd1 Qg1 24. Bf1 Qg5+ 25. Kc2 Qxc5 26. Qf3
Rd8 27. b4 Qd6 28. Kb3 Qd1+ 29. Qxd1 Rxd1 0-1

[Event "Int. Stuttgarter Stadtmeisterschaft C"]
[Site "Ditzingen"]
[Date "2018.05.10"]
[Round "1.9"]
[White "Hamar, Dirk"]
[Black "Sharp, David"]
[Result "1/2-1/2"]
[WhiteElo "1486"]
[BlackElo "1014"]
[PlyCount "44"]
[EventDate "2018.??.??"]
[WhiteTeam "Karlsruher SF"]
[BlackTeam "Stuttgarter SF"]

1. c4 f5 2. g3 Nf6 3. Bg2 e6 4. d4 g6 5. Nc3 Bg7 6. Qb3 c6 7. Nf3 O-O 8. Bd2 d6
9. Rd1 Ne4 10. Bc1 Nxc3 11. bxc3 Qa5 12. O-O c5 13. Ba3 Nd7 14. Rd3 Nf6 15.
dxc5 dxc5 16. Nd2 Qc7 17. Qb5 Nd7 18. f4 a6 19. Qb1 Ra7 20. Nb3 b6 21. Rfd1 Rd8
22. Qc1 Bb7 1/2-1/2

[Event "Int. Stuttgarter Stadtmeisterschaft C"]
[Site "Ditzingen"]
[Date "2018.05.10"]
[Round "1.10"]
[White "Habinski, David"]
[Black "Schmidt, Victor"]
[Result "0-1"]
[WhiteElo "1013"]
[BlackElo "1394"]
[PlyCount "98"]
[EventDate "2018.??.??"]
[WhiteTeam "TSV Schönaich"]
[BlackTeam "SK Gerlingen"]

1. e4 e5 2. Nf3 Nc6 3. Bb5 d6 4. d3 Bd7 5. c3 Nf6 6. Nbd2 Be7 7. Nf1 a6 8. Ba4
O-O 9. Ng3 b5 10. Bb3 h6 11. O-O Na5 12. Bc2 c5 13. d4 exd4 14. cxd4 c4 15. b4
Nb7 16. d5 Nh7 17. Bb2 Ng5 18. e5 dxe5 19. Bxe5 Bxb4 20. a3 Bd6 21. Qd4 Nxf3+
22. gxf3 Bxe5 23. Qxe5 Re8 24. Qd4 Nd6 25. Rae1 Rxe1 26. Rxe1 Bh3 27. Kh1 Qa5
28. Qe3 Kf8 29. Rg1 Qd8 30. Re1 Qe8 31. Qxe8+ Rxe8 32. Rxe8+ Kxe8 33. a4 b4 34.
Ne2 Bf5 35. Bd1 c3 36. Nd4 Bh7 37. Kg1 a5 38. Kf1 Kd7 39. Bb3 Nf5 40. Nc2 Kd6
41. Ke2 f6 42. Kd3 Ne7+ 43. Kd4 Nxd5 44. Kc4 Bg8 45. Kd4 Be6 46. Ne1 Nb6 47.
Bxe6 Kxe6 48. Kc5 Nxa4+ 49. Kb5 b3 0-1

[Event "Int. Stuttgarter Stadtmeisterschaft C"]
[Site "Ditzingen"]
[Date "2018.05.10"]
[Round "1.11"]
[White "Maier, Manuel"]
[Black "Schmidt, Julian"]
[Result "1-0"]
[WhiteElo "1362"]
[BlackElo "1005"]
[PlyCount "39"]
[EventDate "2018.??.??"]
[WhiteTeam "SV Reutlingen"]
[BlackTeam "SF Birkenfeld"]

1. e4 e5 2. f4 Nc6 3. Nf3 exf4 4. d4 d5 5. exd5 Qxd5 6. Nc3 Qd6 7. Bc4 Bg4 8.
Bxf7+ Kd7 9. O-O Nf6 10. Qd3 Bxf3 11. Rxf3 Nxd4 12. Rxf4 Nc6 13. Qf5+ Kd8 14.
Be3 Ne7 15. Qb5 Kc8 16. Rxf6 gxf6 17. Qe8+ Qd8 18. Be6+ Kb8 19. Qxd8+ Nc8 20.
Qxc8# 1-0

[Event "Int. Stuttgarter Stadtmeisterschaft C"]
[Site "Ditzingen"]
[Date "2018.05.10"]
[Round "1.12"]
[White "Wolff, Calvin"]
[Black "Herrmann, David"]
[Result "1-0"]
[WhiteElo "975"]
[BlackElo "1335"]
[PlyCount "47"]
[EventDate "2018.??.??"]
[WhiteTeam "Heilbronner SV"]
[BlackTeam "SV Weil der Stadt"]

1. e4 c5 2. Nf3 d6 3. d4 cxd4 4. Nxd4 Nc6 5. Nc3 Nf6 6. Be2 Bd7 7. Be3 e6 8.
Nf3 Be7 9. O-O O-O 10. Qd2 a6 11. Bh6 Nh5 12. Bg5 Bxg5 13. Nxg5 g6 14. Bxh5
gxh5 15. Nh3 Qe7 16. Rfe1 Rad8 17. Nd5 exd5 18. exd5 Ne5 19. f4 Bxh3 20. gxh3
Nf3+ 21. Kh1 Nxe1 22. Rxe1 Qh4 23. Qc3 Qxf4 24. Rg1+ 1-0

[Event "Int. Stuttgarter Stadtmeisterschaft C"]
[Site "Ditzingen"]
[Date "2018.05.10"]
[Round "1.13"]
[White "Winterkorn, Nikolaus"]
[Black "Esser, Milan"]
[Result "0-1"]
[WhiteElo "1335"]
[BlackElo "974"]
[PlyCount "150"]
[EventDate "2018.??.??"]
[WhiteTeam "DJK Sportbund Stgt."]
[BlackTeam "SV Dettingen Erms"]

1. Nf3 Nf6 2. d4 d5 3. e3 e6 4. Bd3 g6 5. h3 Bg7 6. O-O O-O 7. Nbd2 Nc6 8. a3
a6 9. c4 Re8 10. c5 e5 11. dxe5 Nxe5 12. Nxe5 Rxe5 13. Nf3 Re6 14. Rb1 c6 15.
Bd2 Re8 16. Qc2 Ne4 17. Bxe4 dxe4 18. Ne1 Bf5 19. Bc3 Bxc3 20. Qxc3 Re6 21. Nc2
g5 22. Nd4 Rf6 23. Rbd1 Qe7 24. Rd2 Rd8 25. Rfd1 Rd5 26. Ne2 Rd3 27. Qc2 Qd7
28. Nc1 Rxd2 29. Rxd2 Qc8 30. Qd1 Qe6 31. Rd6 Qe5 32. b4 Be6 33. Qd2 Rh6 34.
Qd4 Qxd4 35. Rxd4 Bd5 36. Ne2 Re6 37. Nc3 Re5 38. Kh2 Kg7 39. Ne2 Rf5 40. Kg1
Kg6 41. Ng3 Re5 42. Ne2 Re8 43. Nc3 Rd8 44. Kf1 Kf6 45. Ke2 Ke5 46. Kd2 f5 47.
Na4 f4 48. Nb6 f3 49. g3 h5 50. Kc3 Ke6 51. Nc4 Rd7 52. Nd6 Ke5 53. Rd1 Be6 54.
h4 gxh4 55. Nc4+ Kf5 56. Nd6+ Kg4 57. gxh4 Kxh4 58. Rd4 Kh3 59. Rxe4 Bg4 60.
Kd2 Rg7 61. Rd4 Kg2 62. Ke1 Kg1 63. Ne4 h4 64. Kd2 h3 65. Ng3 Kxf2 66. Ne4+ Kg2
67. Kc1 Bf5 68. Rd2+ Kf1 69. Nf2 Rg2 70. e4 Be6 71. Nxh3 Bxh3 72. Rd3 Bg4 73.
Re3 f2 74. e5 Kg1 75. e6 Bxe6 0-1

[Event "Int. Stuttgarter Stadtmeisterschaft C"]
[Site "Ditzingen"]
[Date "2018.05.10"]
[Round "1.14"]
[White "Dörr, Florian"]
[Black "Kandler, Christoph"]
[Result "0-1"]
[WhiteElo "972"]
[BlackElo "1557"]
[PlyCount "66"]
[EventDate "2018.??.??"]
[WhiteTeam "SC Ostfildern"]
[BlackTeam "SF Nabern"]

1. d4 Nf6 2. g3 e6 3. c4 Nc6 4. e3 Bb4+ 5. Bd2 O-O 6. Bg2 d5 7. Qb3 Bxd2+ 8.
Nxd2 Ne7 9. Rc1 c6 10. Ne2 Qa5 11. Nc3 dxc4 12. Nxc4 Qg5 13. O-O Rb8 14. Nd6
Rd8 15. Nce4 Nxe4 16. Nxe4 Qg6 17. Qa3 Nf5 18. Qxa7 Bd7 19. Nc5 Be8 20. Be4 Qf6
21. Rcd1 Nd6 22. a4 b6 23. Bg2 bxc5 24. dxc5 Nc4 25. e4 Nxb2 26. Rb1 Ra8 27.
Qc7 Qd4 28. Rbc1 Qxa4 29. Qb6 Nc4 30. Qc7 Rd7 31. Qf4 Rad8 32. e5 Rd4 33. Qf3
Nd2 0-1

[Event "Int. Stuttgarter Stadtmeisterschaft C"]
[Site "Ditzingen"]
[Date "2018.05.10"]
[Round "1.15"]
[White "Jüttner, Mark"]
[Black "Knoll, Mathias"]
[Result "1-0"]
[WhiteElo "1472"]
[BlackElo "972"]
[PlyCount "55"]
[EventDate "2018.??.??"]
[WhiteTeam "SpVgg Rommelshausen"]
[BlackTeam "SF Illingen"]

1. f4 Nc6 2. Nf3 d6 3. e3 Bf5 4. Bb5 e6 5. Bxc6+ bxc6 6. b3 Nf6 7. Bb2 Be7 8.
d3 d5 9. Ne5 c5 10. Qf3 O-O 11. g4 Bg6 12. h4 h5 13. f5 hxg4 14. Nxg4 Bh5 15.
Bxf6 Bxf6 16. c3 Bxh4+ 17. Kd2 Qg5 18. Qh3 Qxg4 19. Qxh4 Qe2+ 20. Kc1 g6 21. f6
Qxe3+ 22. Kc2 c4 23. Rh3 cxd3+ 24. Kb2 Qe2+ 25. Ka3 d2 26. Nxd2 Qxd2 27. Qxh5
gxh5 28. Rg1+ 1-0

[Event "Int. Stuttgarter Stadtmeisterschaft C"]
[Site "Ditzingen"]
[Date "2018.05.10"]
[Round "1.16"]
[White "Birgül, Kerem"]
[Black "Schmid, Aaron"]
[Result "0-1"]
[WhiteElo "956"]
[BlackElo "1308"]
[PlyCount "58"]
[EventDate "2018.??.??"]
[WhiteTeam "SK Sachsenheim"]
[BlackTeam "Chess4Kids"]

1. d4 Nf6 2. Nc3 d6 3. Nf3 g6 4. Bg5 Bg7 5. e3 O-O 6. Bd3 Nbd7 7. Bf4 c5 8. O-O
Re8 9. Bc4 a6 10. Ng5 b5 11. Bxf7+ Kh8 12. Bxe8 Qxe8 13. Qf3 Nb6 14. Qg3 Bb7
15. Qh4 Qc6 16. Nce4 Nbd7 17. f3 cxd4 18. Nxf6 Nxf6 19. Rac1 e5 20. Nf7+ Kg8
21. Nh6+ Bxh6 22. Bxh6 d5 23. f4 dxe3 24. fxe5 d4 25. Qg3 Nh5 26. Qf3 Qc8 27.
Qf7+ Kh8 28. Qb3 Qg4 29. Qf7 Qxg2# 0-1

[Event "Int. Stuttgarter Stadtmeisterschaft C"]
[Site "Ditzingen"]
[Date "2018.05.10"]
[Round "1.17"]
[White "Hennicken, Arnold"]
[Black "Volk, Emil"]
[Result "0-1"]
[WhiteElo "1298"]
[BlackElo "947"]
[PlyCount "88"]
[EventDate "2018.??.??"]
[WhiteTeam "SF Esch"]
[BlackTeam "SC Grunbach"]

1. d4 d6 2. c4 e5 3. Nc3 Nf6 4. dxe5 dxe5 5. Qxd8+ Kxd8 6. Bg5 Nbd7 7. O-O-O c6
8. Ne4 Kc7 9. Nxf6 gxf6 10. Bh4 Bh6+ 11. Kb1 f5 12. e3 Nc5 13. Nf3 Re8 14. Be2
f4 15. exf4 Bf5+ 16. Ka1 a6 17. fxe5 b5 18. Nd4 Bg6 19. Bg3 Kb6 20. b4 Ne4 21.
c5+ Kc7 22. Bf3 Nc3 23. Bxc6 Nxd1 24. e6+ Kd8 25. Rxd1 Ke7 26. Kb2 Bg7 27. Kb3
fxe6 28. Bxa8 Rxa8 29. Re1 Bxd4 30. f3 Bf7 31. Kc2 Rd8 32. a3 Bg6+ 33. Kc1 Rd5
34. Bd6+ Kf6 35. g3 Bc3 36. Rd1 Bb2+ 37. Kxb2 Rxd1 38. h4 Rd3 39. f4 Rxg3 40.
c6 Be4 41. c7 Bb7 42. Bc5 Rd3 43. Bb6 Rd6 44. Bc5 Rc6 0-1

[Event "Int. Stuttgarter Stadtmeisterschaft C"]
[Site "Ditzingen"]
[Date "2018.05.10"]
[Round "1.18"]
[White "Hdya, Mohammad"]
[Black "Meißner, Ole"]
[Result "0-1"]
[WhiteElo "933"]
[BlackElo "1298"]
[PlyCount "56"]
[EventDate "2018.??.??"]
[WhiteTeam "SF Freiberg"]
[BlackTeam "SK Bietigheim-Bissingen"]

1. e4 e5 2. Nf3 Nc6 3. Bb5 a6 4. Ba4 Bc5 5. Nxe5 Nxe5 6. d4 Bd6 7. dxe5 Bxe5 8.
O-O b5 9. Bb3 Bb7 10. Qf3 Nf6 11. c3 Bxe4 12. Qe3 Bxh2+ 13. Kxh2 Ng4+ 14. Kg1
Nxe3 15. Bxe3 O-O 16. Nd2 Bb7 17. Rfe1 Qf6 18. f3 Rfe8 19. Bc2 d5 20. Re2 c5
21. Rae1 Qc6 22. c4 bxc4 23. Nxc4 dxc4 24. Be4 Qc7 25. Bxh7+ Kxh7 26. Bf4 Qc6
27. Rxe8 Rxe8 28. Rxe8 Qxe8 0-1

[Event "Int. Stuttgarter Stadtmeisterschaft C"]
[Site "Ditzingen"]
[Date "2018.05.10"]
[Round "1.19"]
[White "Charalambakis, Michail"]
[Black "Klenke, Jasmin"]
[Result "1-0"]
[WhiteElo "1517"]
[BlackElo "930"]
[PlyCount "67"]
[EventDate "2018.??.??"]
[WhiteTeam "SV Altbach"]
[BlackTeam "SC Magstadt"]

1. d4 d5 2. Nf3 Nf6 3. Bf4 Nc6 4. e3 e6 5. h3 Bd6 6. Ne5 Bd7 7. Be2 O-O 8. Nd2
Bxe5 9. dxe5 Ne4 10. Bd3 Nxd2 11. Qxd2 f6 12. exf6 Rxf6 13. Bg5 Rxf2 14. Qxf2
Qxg5 15. O-O Qd8 16. Qf7+ Kh8 17. Qh5 Qg8 18. Rf4 g6 19. Qg5 Qg7 20. Qf6 Qxf6
21. Rxf6 Kg7 22. Raf1 Rd8 23. Bb5 Nd4 24. Rf7+ Kg8 25. Bxd7 Ne2+ 26. Kh1 Nc1
27. Bxe6 Re8 28. Rf8+ Kg7 29. Rxe8 Nxa2 30. Re7+ Kh6 31. h4 Nb4 32. Bg8 g5 33.
Rxh7+ Kg6 34. h5# 1-0

[Event "Int. Stuttgarter Stadtmeisterschaft C"]
[Site "Ditzingen"]
[Date "2018.05.10"]
[Round "1.20"]
[White "Kratt, Lauri"]
[Black "Reichardt, Felix Alexander"]
[Result "0-1"]
[WhiteElo "888"]
[BlackElo "1318"]
[PlyCount "40"]
[EventDate "2018.??.??"]
[WhiteTeam "SF Freiberg"]
[BlackTeam "SF Markgräflerland"]

1. e4 e6 2. Nf3 c5 3. Nc3 Nc6 4. Bc4 Nf6 5. d3 d5 6. exd5 exd5 7. Nxd5 Nxd5 8.
Bxd5 Qxd5 9. c4 Qd8 10. O-O Be7 11. Re1 O-O 12. Bg5 Bxg5 13. Nxg5 Qxg5 14. Qf3
Nd4 15. Qd1 Bh3 16. g3 Qf6 17. Qh5 Nf3+ 18. Kh1 Nxe1 19. Rxe1 Qc6+ 20. Kg1 Qg2#
0-1

[Event "Int. Stuttgarter Stadtmeisterschaft C"]
[Site "Ditzingen"]
[Date "2018.05.10"]
[Round "2.1"]
[White "Hoffmann, Julian"]
[Black "Jünk, Stefan"]
[Result "1-0"]
[WhiteElo "1219"]
[BlackElo "1621"]
[PlyCount "45"]
[EventDate "2018.??.??"]
[WhiteTeam "Schach-Kids Bernhausen"]
[BlackTeam "SC Leinzell"]

1. d4 Nf6 2. c4 e6 3. Nf3 d5 4. Nc3 Be7 5. Bf4 a6 6. e3 O-O 7. Bd3 dxc4 8. Bxc4
b5 9. Bd3 Bb7 10. O-O Nbd7 11. Rc1 Rc8 12. Qe2 c5 13. dxc5 Nxc5 14. Rfd1 Qb6
15. e4 Nxd3 16. Rxd3 Nh5 17. Be3 Bc5 18. Ne5 Nf6 19. Bg5 Nxe4 20. Nxe4 Bxe4 21.
Rdc3 Rfd8 22. Bxd8 Rxd8 23. Rxc5 1-0

[Event "Int. Stuttgarter Stadtmeisterschaft C"]
[Site "Ditzingen"]
[Date "2018.05.10"]
[Round "2.2"]
[White "Weisensel, Wolfgang"]
[Black "Oker, Bertil"]
[Result "1-0"]
[WhiteElo "1685"]
[BlackElo "1589"]
[PlyCount "67"]
[EventDate "2018.??.??"]
[WhiteTeam "Stuttgarter SF"]
[BlackTeam "SCHWALBE"]

1. Nf3 d5 2. d4 e6 3. Nbd2 Nf6 4. e3 c5 5. c4 Nc6 6. Nb3 cxd4 7. exd4 Be7 8.
Be2 dxc4 9. Bxc4 Na5 10. Bb5+ Bd7 11. Bxd7+ Nxd7 12. Bd2 Nc4 13. Bc3 O-O 14.
O-O Nf6 15. Re1 Nd5 16. Rc1 b6 17. Nbd2 Rc8 18. Nxc4 Rxc4 19. Bd2 Rxc1 20. Qxc1
Qc8 21. a3 Bf6 22. Qxc8 Rxc8 23. Rc1 Rxc1+ 24. Bxc1 h6 25. h3 Bd8 26. Kf1 Bc7
27. g3 f6 28. Ke2 b5 29. Kd3 f5 30. h4 a6 31. Bd2 Kf7 32. Ne5+ Kg8 33. Nd7 Kh8
34. Nc5 1-0

[Event "Int. Stuttgarter Stadtmeisterschaft C"]
[Site "Ditzingen"]
[Date "2018.05.10"]
[Round "2.3"]
[White "Dietrich, Malte"]
[Black "Hilger, Herbert"]
[Result "1-0"]
[WhiteElo "1419"]
[BlackElo "1207"]
[PlyCount "69"]
[EventDate "2018.??.??"]
[WhiteTeam "Rochade Metzingen"]
[BlackTeam "SV Stuttgart-Wolfbusch"]

1. d4 d5 2. c4 e6 3. g3 Nf6 4. Bg2 Be7 5. Nc3 O-O 6. Nf3 c6 7. O-O b6 8. Re1
Bb7 9. b3 Na6 10. Bb2 Nc7 11. Rc1 Bb4 12. a3 Be7 13. Ne5 Nd7 14. Nd3 Bf6 15. e3
Re8 16. f4 Rc8 17. Nf2 Be7 18. e4 dxe4 19. Ncxe4 Nf6 20. Nxf6+ Bxf6 21. Ne4 Be7
22. Qh5 Bf6 23. Nxf6+ Qxf6 24. Be4 g6 25. Qf3 Na6 26. Rc2 Qe7 27. Rce2 Nb8 28.
d5 cxd5 29. cxd5 Qc5+ 30. Kg2 exd5 31. Bd3 Rxe2+ 32. Rxe2 Qc7 33. Kf1 Qd7 34.
Qe3 Qe6 35. Qd4 1-0

[Event "Int. Stuttgarter Stadtmeisterschaft C"]
[Site "Ditzingen"]
[Date "2018.05.10"]
[Round "2.4"]
[White "Ustaosman, Hasan"]
[Black "Arvai, Marton"]
[Result "0-1"]
[WhiteElo "1532"]
[BlackElo "1418"]
[PlyCount "56"]
[EventDate "2018.??.??"]
[WhiteTeam "TSG Steinheim"]
[BlackTeam "TSV Münchingen"]

1. e4 e5 2. Bc4 Nf6 3. Nc3 Bc5 4. Nf3 Nc6 5. Bb3 O-O 6. Nxe5 Bxf2+ 7. Kxf2 Nxe5
8. h3 d6 9. d4 Nc6 10. Be3 Re8 11. Qf3 h6 12. Rad1 Qe7 13. d5 Ne5 14. Qe2 Ng6
15. Rd4 Qe5 16. Qf3 Nh5 17. Nb5 Nh4 18. Qe2 Qg3+ 19. Kf1 Qg6 20. Bf2 Qxg2+ 21.
Ke1 Qxh1+ 22. Kd2 Nf3+ 23. Kc3 Nxd4 24. Bxd4 Qxh3+ 25. Kb4 a5+ 26. Ka3 a4 27.
Nxc7 axb3+ 28. Kb4 bxa2 0-1

[Event "Int. Stuttgarter Stadtmeisterschaft C"]
[Site "Ditzingen"]
[Date "2018.05.10"]
[Round "2.5"]
[White "Stegmiller, Dennis"]
[Black "Schäfer, Helmut"]
[Result "1-0"]
[WhiteElo "1502"]
[BlackElo "1197"]
[PlyCount "108"]
[EventDate "2018.??.??"]
[WhiteTeam "TSF Ditzingen"]
[BlackTeam "TSV Münchingen"]

1. d4 d5 2. c4 e6 3. g3 Bd7 4. Bg2 c6 5. Nf3 Bb4+ 6. Bd2 Bxd2+ 7. Qxd2 Nf6 8.
O-O Ne4 9. Qc2 dxc4 10. Qxc4 b5 11. Qc2 Nd6 12. Nbd2 Bc8 13. Ne5 Bb7 14. Rac1
Qb6 15. Nxc6 Nxc6 16. Bxc6+ Bxc6 17. Qxc6+ Qxc6 18. Rxc6 Nf5 19. e3 O-O 20.
Rfc1 Ne7 21. R6c5 a6 22. Ne4 Nd5 23. Nc3 Nb4 24. Rd1 Rac8 25. a3 Rxc5 26. dxc5
Nc6 27. Rd6 Rc8 28. b4 Kf8 29. Ne2 a5 30. Nd4 Nxd4 31. Rxd4 a4 32. Kg2 f5 33.
Rd6 Ke7 34. Rb6 Rd8 35. Rxb5 Rd3 36. Rb7+ Kf6 37. c6 Rxa3 38. c7 Rc3 39. Ra7 a3
40. b5 Ke5 41. b6 Kd6 42. Ra8 Kd7 43. b7 Rxc7 44. b8=Q a2 45. Ra7 Rxa7 46.
Qxa7+ Kd6 47. Qxa2 g5 48. Qa7 h5 49. Qg7 g4 50. Qg5 Ke5 51. Qxh5 Ke4 52. h3
gxh3+ 53. Qxh3 e5 54. g4 fxg4 1-0

[Event "Int. Stuttgarter Stadtmeisterschaft C"]
[Site "Ditzingen"]
[Date "2018.05.10"]
[Round "2.6"]
[White "Schmidt, Victor"]
[Black "Hackenberg, Julian"]
[Result "1/2-1/2"]
[WhiteElo "1394"]
[BlackElo "1196"]
[PlyCount "68"]
[EventDate "2018.??.??"]
[WhiteTeam "SK Gerlingen"]
[BlackTeam "SC Magstadt"]

1. e4 e5 2. Nf3 Nc6 3. Nc3 Nf6 4. Be2 Bb4 5. d3 d6 6. Bd2 Be6 7. O-O O-O 8. a3
Bxc3 9. Bxc3 Ne7 10. Bd2 Ng6 11. Ng5 Qe7 12. f4 exf4 13. Nxe6 Qxe6 14. Bxf4
Nxf4 15. Rxf4 Qe5 16. Qc1 Qd4+ 17. Kh1 Rae8 18. c3 Qe5 19. Rf2 c6 20. Qc2 d5
21. exd5 Qxd5 22. h3 Re5 23. d4 Re3 24. Bf3 Qe6 25. Qd2 Re8 26. Raf1 Ne4 27.
Bxe4 Qxe4 28. Rf4 Qg6 29. Rxf7 h6 30. Qf2 Re2 31. Rf8+ Rxf8 32. Qxf8+ Kh7 33.
Rf2 Qb1+ 34. Kh2 Qxb2 1/2-1/2

[Event "Int. Stuttgarter Stadtmeisterschaft C"]
[Site "Ditzingen"]
[Date "2018.05.10"]
[Round "2.7"]
[White "Stecher, Oliver"]
[Black "Maier, Manuel"]
[Result "1/2-1/2"]
[WhiteElo "1181"]
[BlackElo "1362"]
[PlyCount "64"]
[EventDate "2018.??.??"]
[WhiteTeam "SSV Zuffenhausen"]
[BlackTeam "SV Reutlingen"]

1. e4 c5 2. Nc3 a6 3. Nf3 Nc6 4. Be2 e6 5. d3 Nf6 6. Bg5 Be7 7. Qd2 Qc7 8. d4
cxd4 9. Nxd4 Qe5 10. Nxc6 bxc6 11. Bf3 Bb4 12. Bf4 Qc5 13. Be3 Qc4 14. Be2 Bxc3
15. Bxc4 Bxd2+ 16. Bxd2 Nxe4 17. Bf4 d5 18. Bd3 Nf6 19. Be2 O-O 20. O-O-O Re8
21. Be5 Ne4 22. Bg3 Nxg3 23. hxg3 e5 24. Rh4 e4 25. Kd2 Ra7 26. Ke3 f6 27. Rd4
g5 28. Bh5 gxh4 29. Bxe8 hxg3 30. Bxc6 gxf2 31. Bxd5+ Kg7 32. Kxf2 f5 1/2-1/2